000 00536nam a22001937a 4500
003 OSt
005 20140310182157.0
008 130831t xxu||||| |||| 00| 0 eng d
020 _a9781848981416
050 _aGV 788
_b.P56 2010
082 _aHS 797.122
_bP56 2010
100 _aPinniger, Deb
_916008
245 _awhite-water sports /
_c Deb Pinniger.
260 _aGreta Britain :
_b Ticktock,
_c2010.
300 _a64 p. :
_bcol. il. ;
_c25 cm.
650 _aWhite
_xwater canoeing
_916009
942 _2lcc
_cHS
999 _c10115
_d10115